000 00923nam a22002175i 4500
001 166706
003 ES-MaACL
005 20250806063136.0
008 970710s1880 sp c |||| | spa d
040 _aCYL
_bspa
_cCYL
100 1 _aTubino, Francisco María,
_d1833-1888
_9111620
245 1 0 _aHistoria del Renacimiento literario contemporáneo en Cataluña, Baleares y Valencia /
_cpor Francisco M. Tubino.
260 _aMadrid :
_b[s.n.],
_c1880 (
_fImp. y Fundición de M. Tello)
300 _a796 p., [26] h. de lám., [1] p. de mapa ;
_c28 cm.
599 _aLas h. de lám. son retr. il.
650 4 _aLiteratura catalana-
_yS.XIX-
_xHistoria y crítica.
_914516
650 4 _aLiteratura catalana-
_zBaleares (Comunidad Autónoma)-
_xHistoria y crítica.
_9152278
650 4 _aLiteratura valenciana-
_xHistoria y crítica.
_9168446
852 _aES-MaACL
_jF-2211
_z- Enc. hol.
999 _c166706
_d166706